LEADER 01706oam 2200493M 450 001 9910716465703321 005 20200213070950.7 035 $a(CKB)5470000002521487 035 $a(OCoLC)1065625436 035 $a(OCoLC)995470000002521487 035 $a(EXLCZ)995470000002521487 100 $a20071213d1927 ua 0 101 0 $aeng 135 $aurcn||||||||| 181 $ctxt$2rdacontent 182 $cc$2rdamedia 183 $acr$2rdacarrier 200 10$aCharles R. O'Leary. February 3, 1927. -- Committed to the Committee of the Whole House and ordered to be printed 210 1$a[Washington, D.C.] :$c[U.S. Government Printing Office],$d1927. 215 $a1 online resource (3 pages) 225 1 $aHouse report / 69th Congress, 2nd session. House ;$vno. 1955 225 1 $a[United States congressional serial set] ;$v[serial no. 8690] 300 $aBatch processed record: Metadata reviewed, not verified. Some fields updated by batch processes. 300 $aFDLP item number not assigned. 606 $aClaims 606 $aLegislative amendments 606 $aMilitary promotions 606 $aBrokers 608 $aLegislative materials.$2lcgft 615 0$aClaims. 615 0$aLegislative amendments. 615 0$aMilitary promotions. 615 0$aBrokers. 701 $aBurdick$b Clark$f1868-1948$pRepublican (RI)$01389114 801 0$bWYU 801 1$bWYU 801 2$bOCLCO 801 2$bOCLCQ 801 2$bOCLCO 801 2$bOCLCQ 906 $aBOOK 912 $a9910716465703321 996 $aCharles R. O'Leary. February 3, 1927. -- Committed to the Committee of the Whole House and ordered to be printed$93484129 997 $aUNINA LEADER 03759nam 2200469 450 001 9910812373003321 005 20230624092209.0 010 $a3-8467-5716-0 024 7 $a10.30965/9783846757161 035 $a(CKB)4920000000125593 035 $z(OCoLC)889706070 035 $a(nllekb)BRILL9783846757161 035 $a(MiAaPQ)EBC6517018 035 $a(Au-PeEL)EBL6517018 035 $a(OCoLC)1243546800 035 $a(EXLCZ)994920000000125593 100 $a20230624d2014 uy 0 101 0 $ager 135 $aurun####uuuua 181 $2rdacontent 182 $2rdamedia 183 $2rdacarrier 200 00$aCharles Ne?gre $eselbstportra?t im hexenspiegel /$fedited by Bernd Stiegler, Felix Thu?rlemann, and Michael Hagner 210 1$aPaderborn, Germany :$cWilhelm Fink GmbH & Co. Verlags-KG,$d[2014] 210 4$d©2014 215 $a1 online resource 311 1 $a3-7705-5716-6 327 $aPreliminary Material /$rMichael Hagner , Bernd Stiegler and Felix Thürlemann -- Einleitung /$rMichael Hagner , Bernd Stiegler and Felix Thürlemann -- Charles Nègre. Der Zauberer von Grasse /$rPeter Herzog -- Ich ? Spiegel ? Kamera Eine Dreiecksgeschichte /$rFelix Thürlemann -- Auf beiden Seiten. Zur Problematik des fotografischen Selbstporträts /$rInge-Cathrin Hauswald and Maren Neumann -- Spieglein, Spieglein in der Hand. Zur Spiegelmetapher in der frühen Fotografie /$rBernd Stiegler -- Selbstexperiment als Selbstporträt. Charles Nègre und die fotografischen Wirkungen, die uns zum Träumen bringen /$rMichael Hagner -- Das Problem der Ähnlichkeit. Francis Wey, Charles Nègre und die Theorie des Porträts /$rJan von Brevern -- Nègre im Negativ. Identifikation, Variation, Verkleidung /$rValentin Groebner -- Der multiplizierte Fotograf. Figuren der jüngeren Bildgeschichte /$rSteffen Siegel -- ?Mirror Men?. Fotografische Selbstdarstellungen mit Spiegel /$rSusanne Regener -- Die ?mise en abyme? des Charles Nègre /$rHubertus von Amelunxen -- Digitale Simulation des Hexenspiegels /$rRudolf Gschwind -- Technische Daten /$rMichael Hagner , Bernd Stiegler and Felix Thürlemann -- Abbildungsnachweise /$rMichael Hagner , Bernd Stiegler and Felix Thürlemann. 330 $aCharles Nègres Selbstporträt im Hexenspiegel ist eine der ungewöhnlichsten frühen Fotografien überhaupt. Die Daguerreotypie zeigt den großen Pionier der französischen Fotografie vervielfacht in einer sogenannten »sorcière«, einem elfteiligen Konvexspiegel. Die einzigartige, bislang unpublizierte Aufnahme, die sich in Privatbesitz befindet, wird hier der Öffentlichkeit vorgestellt. Das vermutlich 1845 oder kurz davor entstandene Werk gehört zu den ganz wenigen von Nègres erhaltenen Daguerreotypien und ist darüber hinaus eine höchst rätselhafte, interpretationsbedürftige Aufnahme. Die Verwendung des ?Hexenspiegels? gibt ihr nicht nur unter den zahlreichen von Nègre geschaffenen Selbstbildnissen eine Sonderstellung, sondern macht sie zu einer der bemerkenswertesten Daguerreotypien und frühen Fotografien überhaupt. Sie ruft ? auch dadurch ein vielfaches Spiegelbild ? in herausragender Weise eine Fülle der in den ersten Jahrzehnten der Fotografiegeschichte breit diskutierten Themen auf. Die Beiträge dieses Bandes loten das komplexe wie enigmatische Werk aus und verorten es in der Geschichte der Fotografie. 606 $aPortrait photography 615 0$aPortrait photography. 676 $a779.092 702 $aStiegler$b Bernd 702 $aThu?rlemann$b Felix 702 $aHagner$b Michael 801 0$bMiAaPQ 801 1$bMiAaPQ 801 2$bMiAaPQ 906 $aBOOK 912 $a9910812373003321 996 $aCharles Ne?gre$94115745 997 $aUNINA